00542nam a2200169 a 450000100100000000500170001000800410002704000130006808200150008110000330009624500580012926000280018730000200021504900090023595201130024499900150035700000901820200929161450.0090923s1977 dr 001 0 spa d aDO-SdBNP axxxbL473a1 aLedesma, Luis Octavio92365110aAnálisis de una política /cLuis Octavio Ledesma. aBaní :bTaina,c1977. a33 p. ;c19 cm. aBNPD 00107-18PDaPDbPDcOId2009-09-23iLF1l0oxxx L473ap9018-10r2020-06-25w2020-06-25yLFPDZNo se presta c8782d8782